The Black Parade - My Chemical Romance - Statistics

General Stats
  • This quiz has been taken 497 times
  • The average score is 12 of 14
Answer Stats
Track Answer % Correct
5 Welcome to the Black Parade
96%
Hidden Track Blood
94%
2 Dead!
90%
1 The End.
87%
9 Mama
86%
13 Famous Last Words
84%
8 Cancer
83%
7 House of Wolves
81%
6 I Don't Love You
80%
4 The Sharpest Lives
80%
11 Teenagers
79%
12 Disenchanted
75%
10 Sleep
74%
3 This Is How I Disappear
66%
No matching quizzes found
Score Distribution
Percent of People with Each Score
Percentile by Number Answered
Your Score History
You have not taken this quiz